| 000 | 00619cam a2200205 a 4500 | ||
|---|---|---|---|
| 001 | 000004918 | ||
| 005 | 20200929151532.0 | ||
| 008 | 761021s1958 sp 001 e spa d | ||
| 040 |
_aDO-SdBNP _bspa _cBNPHU |
||
| 082 |
_a864.6 _bZ25v |
||
| 100 | 1 |
_aZamora Vicente, Alonso, _d1916-2006 _914220 |
|
| 245 | 1 | 0 |
_aVoz de la letra / _cAlonso Zamora Vicente. |
| 260 |
_aMadrid : _bEspasa-Calpe, _c1958. |
||
| 300 |
_a141 p. ; _c18 cm. |
||
| 490 | 1 |
_aAustral _v1287 |
|
| 650 | 4 |
_aEnsayos espaƱoles _93095 |
|
| 650 | 4 |
_aLiteratura espanola _vENSAYOS, CONFERENCIAS, ETC. _914221 |
|
| 830 | 0 |
_aAustral ; _n1287 _914222 |
|
| 910 | _aWM | ||
| 999 |
_c4724 _d4724 |
||